Imagery architecture 2000 : the eyes of global power /

Bibliographic Details
Main Author: Harvey, Charles B.
Format: Book
Language:English
Published: Maxwell Air Force Base, Ala. : Air University Press, [1994]
Series:Research report (Air University (U.S.)) ; AU-ARI-93-4.
Subjects:

MARC

Tag First Indicator Second Indicator Subfields
LEADER 00000cam a2200000 a 4500
001 in00001251021
005 20151003081826.0
008 940920s1994 aluc b f000 0 eng d
035 |a (OCoLC)31143478 
035 |9 AGU5053AM 
040 |a SCT  |c SCT  |d TXA  |d UtOrBLW 
049 |a TXAM 
088 |a AU-ARI-93-4 
090 |a UG760  |b .H378 1994 
100 1 |a Harvey, Charles B. 
245 1 0 |a Imagery architecture 2000 :  |b the eyes of global power /  |c Charles B. Harvey. 
264 1 |a Maxwell Air Force Base, Ala. :  |b Air University Press,  |c [1994] 
300 |a xii, 32 pages :  |b portrait ;  |c 28 cm. 
336 |a text  |b txt  |2 rdacontent 
337 |a unmediated  |b n  |2 rdamedia 
338 |a volume  |b nc  |2 rdacarrier 
490 1 |a Research report / Air University ;  |v no. AU-ARI-93-4 
500 |a "August 1994." 
500 |a Errata sheet inserted. 
504 |a Includes bibliographical references (pages 31-32). 
650 0 |a Aerial reconnaissance. 
651 0 |a United States  |x Military policy. 
740 4 |a The eyes of global power. 
830 0 |a Research report (Air University (U.S.)) ;  |v AU-ARI-93-4. 
999 |a MARS 
999 f f |s 3f97475a-6d72-3121-ac12-3d312102cbe1  |i 4c386466-893c-3269-bd46-3e88ed20eaea  |t 0 
952 f f |p ric  |a Texas A&M University  |b Rellis Campus  |c Joint Library Facility  |d Remote Storage  |t 0  |e UG760 .H378 1994  |h Library of Congress classification  |i unmediated -- volume  |m A14819608333 
998 f f |a UG760 .H378 1994  |t 0  |l Remote Storage